000 00470nam a2200181Ia 4500
008 230524s9999 xx 000 0 und d
020 _a9789380578941
082 _a658.4034
_bNAI
100 _a"N.V.R. Naidu,"
_942962
245 0 _aOperation Research
250 _a1
260 _aNew Delhi
_bI.K.International
_c2013
300 _a"XV,891p;"
500 _aQuantity Number: 1
650 _aMathamatics
700 _aG.Rajendra &T.Krishna Rao
_942963
942 _cBK
999 _c57920
_d57920